| 000 | 00000nam 2200000za 4500 |
| 001 | 9.644546 |
| 003 | CaOODSP |
| 005 | 20200330231302 |
| 007 | ta |
| 008 | 150407|1992||||xxc||||| f|0| 0 eng d |
| 020 | |a0-662-19629-5 |
| 040 | |aCaOODSP|beng |
| 043 | |an-cn--- |
| 086 | 1 |aEn40-432/1992E |
| 110 | 1 |aCanada.|bEnvironment Canada. |bEnvironmental Protection. |
| 245 | 10|aWorking your way to a green office : |ba guide to creating an environmentally friendly office / |cIssued by the Office of Waste Management. |
| 260 | |aOttawa - Ontario : |bEnvironment Canada. |c1992. |
| 300 | |a48p. : |breferences ; |c23 cm. |
| 563 | |aSoftcover |
| 590 | |a92-44|b1992-10-30 |
| 690 | 07|aEnvironmental protection|2gcpds |
| 690 | 07|aWorkplace pollution|2gcpds |
| 775 | 08|tLe bureau écologique : |w(CaOODSP)9.678377 |
| 776 | 0#|tWorking your way to a green office |w(CaOODSP)9.823581 |